Mots de la langue française terminés par "rate" - Statistiques

Statistiques générales
  • Ce quiz a été pris 171 fois
  • Le résultat moyen est 8 sur 17
Statistiques - réponses
Indice Mot % Correct
organe abdominal rate
95%
bandit des mers pirate
91%
partisan d'un parti aux Etatas Unis democrate
80%
sport de combat karaté
68%
non reconnaissante ingrate
66%
noble aristocrate
61%
division du coran sourate
58%
engrais utilisé en agriculture nitrate
57%
couche de terrain strate
56%
vin de mauvaise qualité picrate
43%
forme ionisée de l'acide urique urate
33%
discordant disparate
29%
rond de cuir bureaucrate
26%
criminelle,coupable scélérate
24%
expert technique technocrate
22%
macho phallocrate
16%
de sodium ou de soude par exemple chlorate
14%
Aucun quiz correspondant
Distribution des résultats
% des personnes avec chaque résultat
Percentile par nombre de réponses
Votre historique - résultats
Vous n’avez pas pris ce quiz